Daniel Craig Movies Quiz Stats

 Plays Quiz Updated Dec 31, 2020

     
Support Sporcle.
Go Orange.
Score 0/37 Timer 08:00
1 Play Today
Year Movie % Correct
2012Skyfall
93.2%
2006Casino Royale
93.1%
2008Quantum of Solace
86.3%
2015Spectre
84.5%
2019Knives Out
72.4%
2011The Girl with the Dragon Tattoo
68%
2004Layer Cake
51.8%
2017Logan Lucky
42.3%
2007The Golden Compass
40.6%
2008Defiance
39.8%
2011Cowboys & Aliens
35.1%
2005Munich
28.5%
2001Lara Croft: Tomb Raider
25.6%
2002Road to Perdition
24.7%
2011The Adventures of Tintin
20%
2011Dream House
19.3%
2007The Invasion
14.2%
2017Kings
11.6%
2003Sylvia
11.5%
Year Movie % Correct
1998Elizabeth
10.6%
2006Infamous
9.7%
1995A Kid in King Arthur's Court
9.3%
2004Enduring Love
9.1%
2005The Jacket
8.1%
2003The Mother
8%
1992The Power of One
7.9%
2008Flashbacks of a Fool
7.2%
1999The Trench
6.9%
1998Love Is the Devil: Study for a Portrait of Francis Bacon
5.6%
2005Fateless
5.6%
2000Some Voices
5.3%
2006Renaissance
5%
2000I Dreamed of Africa
5%
1997Obsession
4.9%
1998Love and Rage
4.8%
2000Hotel Splendide
4.3%
2002Ten Minutes Older: The Cello
3.8%

From the Vault

Name That Musical

by Derek

Ever since making this quiz, I have been walking around singing 'Shipoopi' and I'll be darned if it isn't appreciated by my friends and family.
Remove Ads.
Support Sporcle.
Get the best of Sporcle when you Go Orange. This ad-free experience offers more features, more stats, and more fun while also helping to support Sporcle. Thank you for becoming a member.

Show Comments

Extras

Top Quizzes Today


Score Distribution

Your Account Isn't Verified!

In order to create a playlist on Sporcle, you need to verify the email address you used during registration. Go to your Sporcle Settings to finish the process.

Report this User

Report this user for behavior that violates our Community Guidelines.

Details: